01379nam a2200325Ia 4500001001200000003000800012006001900020007001500039008004100054010001700095020001500112040002100127035002000148050002400168082001700192110007700209245016100286260005600447300003600503490001900539504004100558533015200599650004200751650003600793650003200829655002900861710001700890830002000907856012600927ebr10038616CaPaEBRm u cr cn|||||||||000708s2000 dcua sb f000 0 eng d z 00269519  z0309068851 aCaPaEBRcCaPaEBR a(OCoLC)4573377114aTL1490b.N38 2000eb04a629.4/162212 aNational Research Council (U.S.).bCommittee on Solar and Space Physics.10aRadiation and the International Space Stationh[electronic resource] :brecommendations to reduce risk /cCommittee on Solar and Space Physics ... [et al.]. aWashington, D.C. :bNational Academy Press,cc2000. axvi, 76 p. :bill. (some col.).1 aCompass series aIncludes bibliographical references. aElectronic reproduction.bPalo Alto, Calif. :cebrary,d2009.nAvailable via World Wide Web.nAccess may be limited to ebrary affiliated libraries. 0aSpace vehiclesxShielding (Radiation) 0aSpace stationsxHealth aspects. 0aExtraterrestrial radiation. 7aElectronic books.2local2 aebrary, Inc. 0aCompass series.40uhttp://site.ebrary.com/lib/rucke/Doc?id=10038616zAn electronic book accessible through the World Wide Web; click to view